Blood and iron

Αποθηκεύτηκε σε:
Λεπτομέρειες βιβλιογραφικής εγγραφής
Κύριος συγγραφέας: Olson, S. Douglas
Μορφή: Βιβλίο
Γλώσσα:English
Δημοσίευση: Leiden : E.J. Brill, 1995
Σειρά:Mnemosyne, bibliotheca classica Batava. Supplementum
Θέματα:
Ετικέτες: Προσθήκη ετικέτας
Δεν υπάρχουν, Καταχωρήστε ετικέτα πρώτοι!

MARC

LEADER 00000nam a2200000 i 4500
001 1/78758
008 990430s1995 eng d
020 |a 90-04-10251-5 
035 |l 10050227 
040 |a GR-MY-UA  |b gre  |e aacr 
041 0 |a eng 
082 0 |a 883.01 
100 1 |a Olson, S. Douglas. 
245 1 0 |a Blood and iron /  |c S. Douglas Olson 
260 |a Leiden :   |b E.J. Brill,   |c 1995 
300 |a 260 p. 
490 1 |a Mnemosyne, bibliotheca classica Batava 
650 0 0 |a Epic poetry, Greek  |x History and criticism. 
650 0 0 |a Odysseus (Greek mythology) in literature. 
650 0 0 |a Epic poetry  |x Stories, plots, etc. 
650 0 0 |a Storytelling in literature. 
650 0 0 |a Storytelling  |z Greece. 
650 0 0 |a Rhetoric, Ancient. 
830 0 |a Mnemosyne, bibliotheca classica Batava. Supplementum 
852 |a INST  |b RHODES  |e 19990430  |h 883.01 OLS  |p 005400015411  |q 005400015411  |t BK  |y 0 
901 |a BIBL-1999-1 
909 |a Ρ  |b 064851  |c 1999 
922 |a 4ΕΛΗ  |b 199903  |d LEADER